[Event "Gran Canaria-ch Seniors"]
[Site "Arucas"]
[Date "2023.04.19"]
[Round "4.4"]
[White "Guerra Aleman, Marcial"]
[Black "Marrero Lopez, Agustin"]
[Result "0-1"]
[WhiteElo "1622"]
[BlackElo "1791"]
[PlyCount "48"]
[EventDate "2023.04.12"]
[EventType "swiss"]
[EventRounds "7"]
[EventCountry "ESP"]
[SourceTitle "EXT 2024"]
[Source "ChessBase"]
[SourceDate "2023.10.10"]
[SourceVersion "1"]
[SourceVersionDate "2023.10.10"]
[SourceQuality "1"]

1. d4 f5 2. c4 e6 3. Nc3 Nf6 4. Nf3 d6 5. g3 Be7 6. Bg2 0-0 7. 0-0 c6 8. b4 d5 9. c5 Nbd7 10. Bf4 Ne4 11. Nxe4 fxe4 12. Ne5 Nxe5 13. Bxe5 Bd7 14. f3 exf3 15. exf3 Qe8 16. a4 a6 17. Ra2 a5 18. Rb2 axb4 19. Rxb4 Ra7 20. Qb3 Bc8 21. Bh3 Qg6 22. Re1 Bd8 23. a5 Rxa5 24. Bf4 Rxf4 0-1

[Event "Vecindario Montalvo Memorial 15th"]
[Site "Vecindario"]
[Date "2023.04.02"]
[Round "2"]
[White "Oudeh Mishmesh, Omar"]
[Black "Marrero Lopez, Agustin"]
[Result "1-0"]
[WhiteElo "2165"]
[BlackElo "1791"]
[PlyCount "79"]
[EventDate "2023.04.02"]
[EventType "swiss"]
[EventRounds "9"]
[EventCountry "ESP"]
[SourceTitle "CBM 213 Extra"]
[Source "ChessBase"]
[SourceDate "2023.05.31"]
[SourceVersion "1"]
[SourceVersionDate "2023.05.31"]
[SourceQuality "1"]

1. c4 e5 2. Nc3 f5 3. g3 Nf6 4. Bg2 c6 5. d4 e4 6. Nh3 Bb4 7. 0-0 Bxc3 8. bxc3 0-0 9. Qb3 d5 10. Bg5 dxc4 11. Qxc4+ Qd5 12. Qb3 Qxb3 13. axb3 Nd5 14. Bd2 Nd7 15. c4 N5f6 16. Nf4 Re8 17. h4 Ng4 18. e3 Ndf6 19. Bc3 b6 20. Rfd1 Bb7 21. Bf1 a6 22. Rd2 b5 23. Be2 Rac8 24. Bb4 Rcd8 25. Rc2 Rc8 26. Kg2 h6 27. h5 Rcd8 28. cxb5 cxb5 29. Rc7 Rd7 30. Rac1 Rxc7 31. Rxc7 Bd5 32. Bd1 Ra8 33. Ng6 Be6 34. Bc5 Nxh5 35. d5 Bxd5 36. Ne7+ Kh8 37. Bxg4 fxg4 38. Nxd5 Rd8 39. Nf4 Nf6 40. Bd4 1-0

[Event "Canarias-chT"]
[Site "Vecindario"]
[Date "2019.06.16"]
[Round "6.1"]
[White "Marrero Lopez, Agustin"]
[Black "Gonzalez Cruz, Andres"]
[Result "1-0"]
[WhiteElo "1797"]
[BlackElo "1814"]
[PlyCount "59"]
[EventDate "2019.06.13"]
[EventType "team-swiss"]
[EventRounds "6"]
[EventCountry "ESP"]
[SourceTitle "EXT 2020"]
[Source "ChessBase"]
[SourceDate "2019.10.17"]
[SourceVersion "1"]
[SourceVersionDate "2019.10.17"]
[SourceQuality "1"]
[WhiteTeam "Maspalomas"]
[BlackTeam "Capablanca"]
[WhiteTeamCountry "ESP"]
[BlackTeamCountry "ESP"]

1. d4 d5 2. Nf3 Nf6 3. c4 e6 4. Bg5 Be7 5. Nc3 0-0 6. e3 b6 7. Bxf6 Bxf6 8. cxd5 exd5 9. Be2 Bb7 10. 0-0 Nd7 11. Rc1 Re8 12. Nb5 Rc8 13. Nxa7 Ra8 14. Nb5 Rxa2 15. Nxc7 Re7 16. Qb3 Ra5 17. Rc2 Nc5 18. Qxb6 Qxc7 19. Qxc7 Rxc7 20. b4 Ra4 21. bxc5 Bc6 22. Rb1 g6 23. g3 Ra5 24. Rb6 Kg7 25. Kg2 h6 26. Ne1 Bd8 27. Rb8 Be7 28. Nd3 Kf6 29. Bf3 Rd7 30. Rb6 1-0

[Event "Gran Canaria-chT 1819 A"]
[Site "Gran Canaria"]
[Date "2018.11.17"]
[Round "1.3"]
[White "Ramirez Medina, Victor"]
[Black "Marrero Lopez, Agustin"]
[Result "1-0"]
[WhiteElo "2226"]
[BlackElo "1790"]
[PlyCount "45"]
[EventDate "2018.11.17"]
[EventType "swiss"]
[EventRounds "7"]
[EventCountry "ESP"]
[SourceTitle "EXT 2024"]
[Source "ChessBase"]
[SourceDate "2023.10.10"]
[SourceVersion "1"]
[SourceVersionDate "2023.10.10"]
[SourceQuality "1"]
[WhiteTeam "Hotel Avda de Canarias"]
[BlackTeam "Maspalomas"]
[WhiteTeamCountry "ESP"]
[BlackTeamCountry "ESP"]

1. e4 Nc6 2. Nf3 d6 3. d4 e6 4. c4 d5 5. cxd5 exd5 6. exd5 Qxd5 7. Nc3 Bb4 8. Bd2 Bxc3 9. bxc3 Bg4 10. Be2 Nf6 11. 0-0 0-0 12. c4 Qh5 13. h3 Rfe8 14. hxg4 Nxg4 15. Bf4 Rad8 16. d5 Re4 17. Bg3 f5 18. Nh2 Rd4 19. Bxg4 fxg4 20. Qe2 Na5 21. Qe6+ Kh8 22. Qe7 Re8 23. Qc5 1-0

[Event "Canarias-chT"]
[Site "Vecindario"]
[Date "2018.05.31"]
[Round "1.2"]
[White "Trujillo Morales, Sofia"]
[Black "Marrero Lopez, Agustin"]
[Result "0-1"]
[WhiteElo "1260"]
[BlackElo "1805"]
[PlyCount "56"]
[EventDate "2018.05.31"]
[EventType "team-swiss"]
[EventRounds "6"]
[EventCountry "ESP"]
[SourceTitle "EXT 2019"]
[Source "ChessBase"]
[SourceDate "2018.10.10"]
[SourceVersion "1"]
[SourceVersionDate "2018.10.10"]
[SourceQuality "1"]
[WhiteTeam "Grandama Santa Lucia III"]
[BlackTeam "Maspalomas"]
[WhiteTeamCountry "ESP"]
[BlackTeamCountry "ESP"]

1. e4 c5 2. Nf3 d6 3. d4 cxd4 4. Nxd4 Nf6 5. Nc3 a6 6. Bd3 g6 7. 0-0 Bg7 8. Be3 Bd7 9. Qd2 Nc6 10. Nf3 Ng4 11. Bf4 0-0 12. Rae1 Rc8 13. h3 Nge5 14. Nxe5 Nxe5 15. Bh6 Bxh3 16. Bxg7 Kxg7 17. gxh3 Nf3+ 18. Kg2 Nxd2 19. Rg1 e6 20. Rd1 Qh4 21. Rxd2 Qg5+ 22. Kh1 Qxd2 23. Rf1 Rc5 24. Ne2 Rxc2 25. Bxc2 Qxe2 26. Rc1 Qd2 27. Rd1 Qxc2 28. Rxd6 Qxe4+ 0-1

[Event "Las Palmas Insular-chT Segunda 1718"]
[Site "Las Palmas"]
[Date "2018.03.10"]
[Round "9.4"]
[White "Rodriguez Almeida, Ainhoa"]
[Black "Marrero Lopez, Agustin"]
[Result "0-1"]
[WhiteElo "1002"]
[BlackElo "1796"]
[PlyCount "90"]
[EventDate "2017.10.28"]
[EventType "team-swiss"]
[EventRounds "9"]
[EventCountry "ESP"]
[SourceTitle "EXT 2021"]
[Source "ChessBase"]
[SourceDate "2020.10.23"]
[SourceVersion "1"]
[SourceVersionDate "2020.10.23"]
[SourceQuality "1"]
[WhiteTeam "Grandama III"]
[BlackTeam "Maspalomas"]
[WhiteTeamCountry "ESP"]
[BlackTeamCountry "ESP"]

1. e4 c5 2. Nf3 Nc6 3. Bc4 d6 4. h3 e6 5. Nc3 Nf6 6. d3 Be7 7. 0-0 a6 8. Bf4 b5 9. Bb3 b4 10. Ne2 Bb7 11. Ng3 e5 12. Bd2 0-0 13. Nf5 a5 14. Nxe7+ Nxe7 15. c3 Ba6 16. Bc2 h6 17. cxb4 axb4 18. Re1 Bb5 19. a3 bxa3 20. bxa3 Nc6 21. a4 Ba6 22. a5 Qd7 23. Qb1 Rfb8 24. Qa2 Nb4 25. Qa4 Nxd3 26. Re3 Nb2 27. Qa2 Nc4 28. Re2 Rb2 29. Qa4 Bb5 30. Qa2 Rxa2 31. Rxa2 Nxd2 32. Rxd2 Qc6 33. Bd3 Bxd3 34. Rxd3 Nxe4 35. Rda3 f6 36. Nh4 d5 37. Nf5 Qe6 38. Ne3 d4 39. Nc2 c4 40. Nb4 d3 41. Kf1 Qd6 42. f3 d2 43. fxe4 d1Q+ 44. Kf2 Qxb4 45. Ra1 Qbe1# 0-1

[Event "Las Palmas Insular-chT Segunda 1718"]
[Site "Las Palmas"]
[Date "2017.12.16"]
[Round "4.3"]
[White "Acosta Quintana, Jose Antonio"]
[Black "Marrero Lopez, Agustin"]
[Result "0-1"]
[WhiteElo "1493"]
[BlackElo "1796"]
[PlyCount "122"]
[EventDate "2017.10.28"]
[EventType "team-swiss"]
[EventRounds "9"]
[EventCountry "ESP"]
[SourceTitle "EXT 2019"]
[Source "ChessBase"]
[SourceDate "2018.10.10"]
[SourceVersion "1"]
[SourceVersionDate "2018.10.10"]
[SourceQuality "1"]
[WhiteTeam "Villa de Teror III"]
[BlackTeam "Maspalomas"]
[WhiteTeamCountry "ESP"]
[BlackTeamCountry "ESP"]

1. d4 d5 2. c4 e6 3. Nc3 Nf6 4. Nf3 Nbd7 5. Bg5 Be7 6. e3 h6 7. Bh4 0-0 8. Be2 c6 9. 0-0 Re8 10. Rc1 a6 11. a4 dxc4 12. Bxc4 b5 13. Bd3 Bb7 14. Ne4 Nxe4 15. Bxe7 Qxe7 16. Bxe4 Rac8 17. axb5 axb5 18. Qd2 Red8 19. Qc2 Qd6 20. Nd2 Nf6 21. Bf3 e5 22. Nb3 Qe7 23. Nc5 Ba8 24. Rfd1 exd4 25. exd4 Nd5 26. Qf5 Rc7 27. g3 g6 28. Qh3 Kg7 29. Qg2 Ra7 30. Rc2 Qf6 31. Rcd2 Bb7 32. h4 Bc8 33. Kh2 h5 34. Ne4 Qf5 35. Nc3 Be6 36. Be4 Qf6 37. Bxd5 Bxd5 38. Nxd5 Rxd5 39. f4 Ra4 40. Qf2 Rc4 41. Qe3 Qd6 42. b3 Rb4 43. Qc3 Kh7 44. Rc2 Rdxd4 45. Rxd4 Qxd4 46. Qxc6 Rxb3 47. Qc7 Kg7 48. f5 gxf5 49. Qe7 Qf6 50. Qe2 f4 51. Qxh5 fxg3+ 52. Kg2 Qf4 53. Qd5 Rb1 54. Qd3 Qxh4 55. Qc3+ f6 56. Qxg3+ Qxg3+ 57. Kxg3 Kg6 58. Kf4 Rb4+ 59. Ke3 Kf5 60. Rc3 Ke6 61. Rc6+ Kf5 0-1

[Event "Canarias-chT"]
[Site "San Cristobal de La Laguna"]
[Date "2017.06.24"]
[Round "4.1"]
[White "Diaz Reyes, Killian"]
[Black "Marrero Lopez, Agustin"]
[Result "1/2-1/2"]
[WhiteElo "1520"]
[BlackElo "1803"]
[PlyCount "24"]
[EventDate "2017.06.22"]
[EventType "team-swiss"]
[EventRounds "6"]
[EventCountry "ESP"]
[SourceTitle "EXT 2024"]
[Source "ChessBase"]
[SourceDate "2023.10.10"]
[SourceVersion "1"]
[SourceVersionDate "2023.10.10"]
[SourceQuality "1"]
[WhiteTeam "Fundacion La Caja de Canarias II"]
[BlackTeam "Maspalomas"]
[WhiteTeamCountry "ESP"]
[BlackTeamCountry "ESP"]

1. e4 e5 2. Nf3 Nc6 3. Nc3 Nf6 4. Bb5 d6 5. h3 Be7 6. d3 h6 7. 0-0 Bd7 8. Be3 a6 9. Bc4 0-0 10. Qd2 Na5 11. Bb3 Nxb3 12. axb3 c5 1/2-1/2

[Event "Canarias-chT"]
[Site "Arrecife de Lanzarote"]
[Date "2016.06.26"]
[Round "6.1"]
[White "Marrero Lopez, Agustin"]
[Black "Martin Hernandez, Ruben"]
[Result "0-1"]
[WhiteElo "1814"]
[BlackElo "2230"]
[PlyCount "139"]
[EventDate "2016.06.23"]
[EventType "team-swiss"]
[EventRounds "6"]
[EventCountry "ESP"]
[SourceTitle "EXT 2021"]
[Source "ChessBase"]
[SourceDate "2020.10.23"]
[SourceVersion "1"]
[SourceVersionDate "2020.10.23"]
[SourceQuality "1"]
[WhiteTeam "Maspalomas"]
[BlackTeam "El Tablero de Guanapay"]
[WhiteTeamCountry "ESP"]
[BlackTeamCountry "ESP"]

1. d4 Nc6 2. e4 e5 3. d5 Nce7 4. c4 Ng6 5. Nc3 Bc5 6. Be3 Bxe3 7. fxe3 d6 8. Nf3 Nf6 9. Bd3 0-0 10. Qe2 Nd7 11. 0-0 a5 12. a3 a4 13. Bc2 Nc5 14. Nd2 Qg5 15. Nb5 Bg4 16. Qf2 Qd8 17. Qg3 Bd7 18. Nc3 Ne7 19. Rf6 Ng6 20. Rf2 Ra6 21. Rb1 Rb6 22. Qf3 Qg5 23. Qg3 Qxg3 24. hxg3 Ne7 25. Kh2 Ra8 26. Nf3 f5 27. Nh4 fxe4 28. Nxe4 Nxe4 29. Bxe4 Rb3 30. Re2 Rf8 31. Bc2 Rb6 32. e4 Bg4 33. Re3 Ra8 34. Rc3 Ra5 35. Nf3 Ng6 36. Kg1 Rba6 37. Kf2 Ra8 38. Bd1 Re8 39. Rbc1 b6 40. Be2 Bc8 41. Ke3 Nf8 42. Rf1 Nd7 43. Ne1 Nc5 44. Bd1 Bd7 45. Nd3 Nb7 46. Rc2 Rf8 47. Rcf2 Rxf2 48. Rxf2 g6 49. Rc2 Kg7 50. Be2 Ra8 51. Bd1 Rf8 52. Rf2 Na5 53. Rc2 Rf1 54. Bf3 Kh6 55. Kd2 Nb3+ 56. Kc3 Kg5 57. Rf2 Rg1 58. Kb4 h5 59. Kc3 h4 60. gxh4+ Kxh4 61. Re2 Kg3 62. Re1 Rxe1 63. Nxe1 Nc5 64. Nd3 Nxd3 65. Kxd3 Kf2 66. Kc3 g5 67. Kb4 g4 68. Bd1 Kxg2 69. Bxa4 Bxa4 70. Kxa4 0-1

[Event "Canarias-chT"]
[Site "Arrecife de Lanzarote"]
[Date "2016.06.24"]
[Round "3.1"]
[White "Vert Alcover, Carles"]
[Black "Marrero Lopez, Agustin"]
[Result "0-1"]
[WhiteElo "1521"]
[BlackElo "1814"]
[PlyCount "98"]
[EventDate "2016.06.23"]
[EventType "team-swiss"]
[EventRounds "6"]
[EventCountry "ESP"]
[SourceTitle "EXT 2021"]
[Source "ChessBase"]
[SourceDate "2020.10.23"]
[SourceVersion "1"]
[SourceVersionDate "2020.10.23"]
[SourceQuality "1"]
[WhiteTeam "Sociedad Democracia"]
[BlackTeam "Maspalomas"]
[WhiteTeamCountry "ESP"]
[BlackTeamCountry "ESP"]

1. d4 d5 2. e3 Nf6 3. Bd3 e6 4. f4 c5 5. c3 c4 6. Bc2 b5 7. a4 b4 8. cxb4 Bxb4+ 9. Bd2 Nc6 10. Nf3 a5 11. Nc3 Be7 12. 0-0 Nb4 13. Bb1 h6 14. Ne5 Bb7 15. Ng4 Qb6 16. Bc1 Ba6 17. Nxf6+ Bxf6 18. Rf3 Rb8 19. Rh3 Nd3 20. Bxd3 cxd3 21. Rb1 Rc8 22. Na2 Rc2 23. Nc3 Rxc3 24. Bd2 Rb3 25. Bc3 Bc4 26. Qd2 0-0 27. g4 Rxc3 28. Qxc3 Qb4 29. Qxb4 axb4 30. b3 Ba6 31. Rc1 g5 32. fxg5 Bxg5 33. Kf2 f5 34. gxf5 d2 35. Rd1 Rxf5+ 36. Rf3 Bh4+ 37. Kg2 Be1 38. Rxf5 exf5 39. Kf3 Kf7 40. h4 Ke6 41. a5 Kd6 42. Ra1 Bxh4 43. Rd1 Be1 44. Kf4 h5 45. Kxf5 h4 46. Kf4 Be2 47. Rxd2 Bxd2 48. a6 Kc6 49. a7 Kb7 0-1

[Event "Gran Canaria Dominguez Memoral 1st"]
[Site "Gran Canaria"]
[Date "2014.03.31"]
[Round "5"]
[White "Marrero Lopez, Agustin"]
[Black "Guerrero Orihuela, Jose Luis"]
[Result "1-0"]
[WhiteElo "1823"]
[BlackElo "1633"]
[PlyCount "85"]
[EventDate "2014.03.17"]
[EventType "swiss"]
[EventRounds "7"]
[EventCountry "ESP"]
[SourceTitle "EXT 2015"]
[Source "ChessBase"]
[SourceDate "2014.11.20"]
[SourceVersion "1"]
[SourceVersionDate "2014.11.20"]
[SourceQuality "1"]

1. Nf3 c5 2. b3 Nf6 3. Bb2 g6 4. g3 Bg7 5. Bg2 0-0 6. 0-0 d5 7. e3 Nc6 8. d4 cxd4 9. Nxd4 Re8 10. Nxc6 bxc6 11. Nd2 e5 12. c4 Rb8 13. Rc1 e4 14. Re1 Nd7 15. Bxg7 Kxg7 16. cxd5 cxd5 17. Nb1 Ne5 18. Qd4 Kg8 19. Red1 Nd3 20. Rc3 Be6 21. a3 Qe7 22. Bf1 Bg4 23. Rdxd3 exd3 24. Qxg4 d2 25. Qd4 d1Q 26. Qxd1 Rec8 27. b4 Qf6 28. Rd3 a5 29. Rd4 axb4 30. axb4 Qd6 31. b5 Rc5 32. e4 Qc7 33. Rxd5 Rc1 34. Qd3 Qa5 35. Kg2 Ra8 36. Rd7 Qa1 37. Qd5 Qf6 38. e5 Qf5 39. Bd3 Qe6 40. Qxe6 fxe6 41. b6 Rb8 42. b7 Rc5 43. f4 1-0

[Event "Las Palmas Insular-chT 1a 1314"]
[Site "Las Palmas"]
[Date "2014.03.22"]
[Round "12.1"]
[White "Marrero Lopez, Agustin"]
[Black "Sanchez Quintero, Raul"]
[Result "0-1"]
[WhiteElo "1823"]
[BlackElo "2112"]
[PlyCount "76"]
[EventDate "2013.11.09"]
[EventType "team-tourn"]
[EventRounds "14"]
[EventCountry "ESP"]
[SourceTitle "EXT 2015"]
[Source "ChessBase"]
[SourceDate "2014.11.20"]
[SourceVersion "1"]
[SourceVersionDate "2014.11.20"]
[SourceQuality "1"]
[WhiteTeam "Maspalomas  II"]
[BlackTeam "MC Claudio Mendoza"]
[WhiteTeamCountry "ESP"]
[BlackTeamCountry "ESP"]

1. d4 Nf6 2. c4 e6 3. Nc3 d5 4. Bg5 Nbd7 5. e3 Bb4 6. Bd3 c5 7. Nf3 Qa5 8. Qc2 cxd4 9. exd4 h6 10. Bd2 dxc4 11. Bxc4 0-0 12. 0-0 a6 13. a3 Bxc3 14. Bxc3 Qc7 15. Rac1 Qxc4 16. Qd2 Ne4 17. Qe3 Nxc3 18. Rxc3 Qd5 19. Rfc1 b6 20. Ne5 Bb7 21. Nc6 Bxc6 22. Rxc6 Rfd8 23. h3 b5 24. Qc3 Nf6 25. Rd1 Rd6 26. Rc8+ Rxc8 27. Qxc8+ Kh7 28. Qc3 g6 29. Qc8 Kg7 30. Qc2 e5 31. Rd3 exd4 32. Qd2 Ne4 33. Qd1 Nc5 34. Rf3 d3 35. b4 Ne4 36. Qa1+ Qd4 37. Qa2 Rf6 38. Rxf6 Kxf6 0-1

[Event "Gran Canaria Cabildo op"]
[Site "Gran Canaria"]
[Date "2013.01.28"]
[Round "6"]
[White "Marrero Lopez, Agustin"]
[Black "Suarez Ramirez, Jonay"]
[Result "1-0"]
[WhiteElo "1836"]
[BlackElo "1588"]
[PlyCount "35"]
[EventDate "2013.01.10"]
[EventType "swiss"]
[EventRounds "7"]
[EventCountry "ESP"]
[SourceTitle "CBM 152 Extra"]
[Source "ChessBase"]
[SourceDate "2013.02.25"]
[SourceVersion "1"]
[SourceVersionDate "2013.02.25"]
[SourceQuality "1"]

1. b3 c5 2. Bb2 Nc6 3. e3 Nf6 4. Nf3 g6 5. Bb5 Bg7 6. 0-0 0-0 7. Re1 d6 8. a3 Bg4 9. Be2 Rc8 10. h3 Bd7 11. d3 Be6 12. Nbd2 Qd7 13. Ng5 Ne5 14. c4 h6 15. Nxe6 Qxe6 16. d4 Ned7 17. d5 Qf5 18. g4 1-0

[Event "Gran Canaria Cabildo op"]
[Site "Gran Canaria"]
[Date "2013.01.21"]
[Round "4"]
[White "Rodriguez Muela, Juan Argelio"]
[Black "Marrero Lopez, Agustin"]
[Result "0-1"]
[WhiteElo "1558"]
[BlackElo "1836"]
[PlyCount "86"]
[EventDate "2013.01.10"]
[EventType "swiss"]
[EventRounds "7"]
[EventCountry "ESP"]
[SourceTitle "CBM 152 Extra"]
[Source "ChessBase"]
[SourceDate "2013.02.25"]
[SourceVersion "1"]
[SourceVersionDate "2013.02.25"]
[SourceQuality "1"]

1. e4 e5 2. Nf3 Nc6 3. Bb5 a6 4. Ba4 Nf6 5. 0-0 b5 6. Bb3 d6 7. d3 Na5 8. Bg5 Nxb3 9. axb3 Be7 10. h3 c5 11. Nc3 Bb7 12. Bxf6 Bxf6 13. Nd5 Bxd5 14. exd5 0-0 15. Re1 Re8 16. Re4 Be7 17. c4 f5 18. Re2 Bf6 19. Qc2 Qd7 20. Rae1 b4 21. Kh1 g5 22. Re3 f4 23. Re4 g4 24. hxg4 Qxg4 25. Nh2 Qg6 26. Qe2 Bg5 27. Qg4 Ra7 28. Nf3 h6 29. Nh4 Qf6 30. Nf3 Rg7 31. Kg1 Qd8 32. Ra1 a5 33. Kf1 Rf8 34. Ke2 Rf6 35. Rh1 Qe8 36. Rh5 Rfg6 37. Qh3 Qd7 38. Qxd7 Rxd7 39. Nxg5 hxg5 40. Rh1 Ra7 41. Ra1 Kf7 42. f3 g4 43. Kf2 g3+ 0-1

[Event "Gran Canaria Cabildo op"]
[Site "Gran Canaria"]
[Date "2013.01.17"]
[Round "3"]
[White "Marrero Lopez, Agustin"]
[Black "Roque Hernandez, Francisco"]
[Result "1-0"]
[WhiteElo "1836"]
[BlackElo "1538"]
[PlyCount "83"]
[EventDate "2013.01.10"]
[EventType "swiss"]
[EventRounds "7"]
[EventCountry "ESP"]
[SourceTitle "CBM 152 Extra"]
[Source "ChessBase"]
[SourceDate "2013.02.25"]
[SourceVersion "1"]
[SourceVersionDate "2013.02.25"]
[SourceQuality "1"]

1. d4 d5 2. c4 e6 3. Nc3 c6 4. e3 Nf6 5. Bd3 dxc4 6. Bxc4 Nd5 7. e4 Nxc3 8. bxc3 Be7 9. Ne2 Nd7 10. 0-0 Nf8 11. f4 h5 12. Be3 h4 13. h3 Nh7 14. Bd3 Nf6 15. c4 Nh5 16. Rf3 Bd7 17. Qc2 Qc7 18. a4 0-0-0 19. c5 Rdg8 20. a5 g5 21. a6 g4 22. axb7+ Kb8 23. Qa4 a5 24. hxg4 Rxg4 25. Qxa5 Qxa5 26. Rxa5 Kxb7 27. Ba6+ Kc7 28. Bc4 Rhg8 29. Ra7+ Kb8 30. Rxd7 Rxg2+ 31. Kf1 Rh2 32. Rxe7 h3 33. Ke1 Rxe2+ 34. Bxe2 h2 35. Rh3 Rg1+ 36. Kd2 h1Q 37. Rxh1 Rxh1 38. Re8+ Kc7 39. Rh8 Ng3 40. Rxh1 Nxh1 41. Bf3 Ng3 42. Bf2 1-0

[Event "Gran Canaria Joseito Memorial 30th"]
[Site "Gran Canaria"]
[Date "2012.09.02"]
[Round "5"]
[White "Campos de la Nuez, Eduardo"]
[Black "Marrero Lopez, Agustin"]
[Result "1-0"]
[WhiteElo "1384"]
[BlackElo "1484"]
[PlyCount "71"]
[EventDate "2012.09.01"]
[EventType "swiss"]
[EventRounds "6"]
[EventCountry "ESP"]
[SourceTitle "CBM 150 Extra"]
[Source "ChessBase"]
[SourceDate "2012.10.19"]
[SourceVersion "1"]
[SourceVersionDate "2012.10.19"]
[SourceQuality "1"]

1. e4 c5 2. Nf3 Nc6 3. d4 cxd4 4. Nxd4 d6 5. Bc4 Nf6 6. Nc3 a6 7. Bb3 g6 8. Be3 Bg7 9. Qd2 Na5 10. Bh6 0-0 11. f3 e5 12. Nde2 Nxb3 13. axb3 Be6 14. Bxg7 Kxg7 15. Nd5 Nxd5 16. exd5 Bf5 17. Ng3 Rc8 18. c4 f6 19. Qb4 Rc7 20. Kd2 Bc8 21. Ne4 f5 22. Qxd6 fxe4 23. Qxe5+ Rf6 24. fxe4 Re7 25. Qd4 Qf8 26. Rhf1 Ref7 27. Rxf6 Rxf6 28. Rf1 Qb4+ 29. Kc2 Qf8 30. h3 b5 31. Kc3 Qe7 32. Qxf6+ Qxf6+ 33. Rxf6 Kxf6 34. Kd3 h6 35. c5 Ke7 36. Kd4 1-0

[Event "Gran Canaria Joseito Memorial 30th"]
[Site "Gran Canaria"]
[Date "2012.09.01"]
[Round "2"]
[White "Marrero Lopez, Agustin"]
[Black "Suarez Ramirez, Jonay"]
[Result "0-1"]
[WhiteElo "1484"]
[BlackElo "1328"]
[PlyCount "62"]
[EventDate "2012.09.01"]
[EventType "swiss"]
[EventRounds "6"]
[EventCountry "ESP"]
[SourceTitle "CBM 150 Extra"]
[Source "ChessBase"]
[SourceDate "2012.10.19"]
[SourceVersion "1"]
[SourceVersionDate "2012.10.19"]
[SourceQuality "1"]

1. e4 c5 2. f4 Nc6 3. Nf3 g6 4. Nc3 Bg7 5. Bc4 d6 6. Ng5 e6 7. 0-0 Nf6 8. f5 d5 9. exd5 exd5 10. Qe1+ Ne7 11. Bb5+ Bd7 12. fxg6 hxg6 13. Ne6 fxe6 14. Qxe6 Bxb5 15. Nxb5 Qd7 16. Nd6+ Kd8 17. Nf7+ Ke8 18. Nd6+ Kd8 19. Rxf6 Bxf6 20. Qxf6 Kc7 21. Nf7 Rhf8 22. Qe5+ Kb6 23. Ng5 Nc6 24. Qg3 Qf5 25. h3 Qxc2 26. Ne6 Rf7 27. a3 Re8 28. Nf4 Qc4 29. d3 Qd4+ 30. Be3 Rxe3 31. Qxe3 Qxe3+ 0-1